The Christian hero: a tragedy : As it is acted at the Theatre Royal in Drury Lane. Written by Mr. Lillo.

Bibliographic Details
Main Author: Lillo, George, 1693-1739
Format: eBook
Language:English
Edition:The second edition.
Series:Eighteenth century collections online.
Online Access:Full text online

MARC

Tag First Indicator Second Indicator Subfields
LEADER 00000cam a2200000 4500
001 in00001916921
006 m | d |
007 cr |n||||||||n
008 790326s1735 enk|||| s 00||||eng d
005 20260406215700.5
035 |a (CStRLIN)ESTCT30655 
040 |a Uk-ES  |c Uk-ES  |d CStRLIN  |d Thomson Gale  |d UtOrBLW 
100 1 |a Lillo, George,  |d 1693-1739. 
245 1 4 |a The Christian hero: a tragedy :  |b As it is acted at the Theatre Royal in Drury Lane. Written by Mr. Lillo. 
250 |a The second edition. 
264 3 |a London :  |b printed for John Gray,  |c 1735. 
300 |a 5 unnumbered pages, 10-76, that is, 68 pages, 2 unnumbered pages ;  |c 8⁰. 
336 |a text  |b txt  |2 rdacontent 
337 |a computer  |b c  |2 rdamedia 
338 |a online resource  |b cr  |2 rdacarrier 
500 |a Titlepage in red and black. 
500 |a Apparently the sheets of sig. B-I3 of the first edition with reset preliminaries. 
500 |a The pagination jumps from 40 to 49, but text and register are continuous. 
500 |a The final leaf contains the Epilogue. 
500 |a Also issued as part of: 'The works of the late Mr. George Lillo' London, 1740. 
500 |a Reproduction of original from the British Library. 
510 4 |a English Short Title Catalog,  |c ESTCT30655. 
533 |a Electronic reproduction.  |b Farmington Hills, Mich. :  |c Thomson Gale,  |d 2003.  |n Available via the World Wide Web.  |n Access limited by licensing agreements  |7 s2003 miunns 
500 |a Electronic resource. 
830 0 |a Eighteenth century collections online. 
856 4 0 |u http://proxy.library.tamu.edu/login?url=https://galenet.galegroup.com/servlet/ECCO?c=1&stp=Author&ste=11&af=BN&ae=T030655&tiPG=1&dd=0&dc=flc&docNum=CW114119552&vrsn=1.0&srchtp=a&d4=0.33&n=10&SU=0LRK&locID=txshracd2898  |z Full text online  |t 0 
999 |a MARS 
999 f f |s bdbefece-fb90-3d0b-90d8-f497062d4881  |i 1882f7e5-83f2-32f0-9318-db2b3ac152e9  |t 0 
952 f f |a Texas A&M University  |b College Station  |c Electronic Resources  |s www_evans  |d Available Online  |t 0  |h No information provided 
998 f f |t 0  |l Available Online